Metallovedenije i korrozija metallov. Vypusk 5.

Uložené v:
Podrobná bibliografia
Hlavný autor: Tavadze, F. N.
Médium: Kniha
Jazyk:Russian
Vydané: Tbilisi : Mecnijereba, 1977.
Fyzický popis: 176 strán.
Tagy: Pridať tag
Žiadne tagy, Buďte prvý kto otaguje tento záznam!

MARC

LEADER 00000nam a22000002i 4500
001 000638136
005 20200512082526.0
008 200512s1977 gs e 000 0 rus d
020 |c Kčs 16.00  |q (brožované) 
040 |a SVKKK  |b slo  |c SVKKK  |e rda 
100 1 |a Tavadze, F. N. 
245 1 0 |a Metallovedenije i korrozija metallov. Vypusk 5. 
264 1 |a Tbilisi :  |b Mecnijereba,  |c 1977. 
300 |a 176 strán. 
336 |a text  |b txt  |2 rdacontent 
337 |a bez média  |b n  |2 rdamedia 
338 |a zväzok  |b nc  |2 rdacarrier 
500 |a Záznam revízie 
910 |a svkkk 
998 |a BK 
090 |g SCKHL  |k Sklad Pribinova 2. posch.  |a III.117153  |j 618367  |i 2720733888  |4 Zastaraná  |s Vyradená